Chanteuses Francophones de A-Z - Statistiques

Statistiques générales
  • Ce quiz a été pris 980 fois
  • Le résultat moyen est 15 sur 21
Statistiques - réponses
Lettre Chanson Réponse % Correct
A Pookie - Djadja Aya Nakamura
96%
L Jour 1 - Avenir Louane
94%
I Tourner dans le Vide - Dernière Danse Indila
92%
E La Vie en Rose - Je ne Regrette Rien Edith Piaf
91%
Z On Ira - Demain c'est Toi Zaz
87%
F Ella, Elle l'a - Poupée de Cire, Poupée de Son France Gall
84%
W Anissa - Coco Wejdene
81%
D Mourir sur Scène - Monday Tuesday Dalida
80%
V Game Over - Ma Soeur Vitaa
79%
M Sans Contrefaçon - Désenchantée Mylène Farmer
78%
T Rien n'est Parfait - Le Sens de la Vie Tal
74%
C La Grenade - Ma Soeur Clara Luciani
73%
J Makeba - Come Jain
70%
N Nolwenn Ohwo - Cassé Nolwenn Leroy
70%
B L'Aigle Noir - Amours Incestueuses Barbara
63%
S Et Alors - L'Effet de Serre Shy'm
58%
H Elle, Tu l'Aime - Il y a Trop de Gens qui t'Aiment Hélène Ségara
53%
O Elle Panique - J'envoie Valser Olivia Ruiz
49%
P Mon Mec à Moi - Une Fille de l'Est Patricia Kaas
43%
Y A Cause des Garçons - Je Veux te Voir Yelle
34%
R Toko Toko - Comme Moi Ronisia
16%
Aucun quiz correspondant
Distribution des résultats
% des personnes avec chaque résultat
Percentile par nombre de réponses
Votre historique - résultats
Vous n’avez pas pris ce quiz